Statistics for General Knowledge Quiz #65

Click here to take the quiz!

General Stats

  • This quiz has been taken 42,398 times
    (11,171 since last reset)
  • The average score is 12 of 20

Answer Stats

Question Answer % Correct
What is the fastest bird on land?Ostrich
93%
Who orders martinis "shaken, not stirred"?James Bond
91%
In what city did Princess Diana die?Paris
85%
What automaker's logo consists of four interlocking rings?Audi
82%
What pop group is sometimes abbreviated as "1D"?One Direction
81%
What is either a type of fragrance or a city in Germany?Cologne
79%
In what U.S. state did the ukelele originate?Hawaii
73%
What part of the body is affected by gingivitis?The Gums
72%
What type of animal killed Lindy Chamberlain's baby in the Australian outback?a Dingo
67%
Which country's royal family included Prince Rainier and Grace Kelly?Monaco
64%
Which U.S. President had the longest term?Franklin D. Roosevelt
64%
What country produced the most crude oil in 2018?United States
62%
How many is a dozen baker's dozens?156
57%
What multi-headed creature did Hercules battle where every time one head was cut off,
two more would grow in its place?
Hydra
53%
Who played the young version of Vito Corleone in "The Godfather Part II"?Robert De Niro
42%
What is the easternmost national capital in the Americas?Brasilia
40%
What is made from sulfur, charcoal, and saltpeter?Gunpowder
38%
What does a numismatist collect?Currency
35%
What type of droid was C-3PO?a Protocol Droid
31%
What hip hop trio consisted of Ad-Rock, MCA, and Mike D?Beastie Boys
25%

Score Distribution

Percentile by Number Answered

Percent of People with Each Score

Your Score History

You have not taken this quiz since the last reset